000 00292nam a22001337a 4500
003 SGT
020 _a9788172765040
082 _a301
_bE14N
100 _aNARAYANAN, V.N.
245 _aENCOUNTERS: REAL AND SURREAL
260 _bBHARTIYA VIDYA BHAWAN
_c2014
300 _a401
942 _2ddc
_cBK
999 _c28721
_d28721